| 000 | 00400nam a22001457a 4500 | ||
|---|---|---|---|
| 999 |
_c7873 _d7873 |
||
| 003 | OSt | ||
| 005 | 20200528103821.0 | ||
| 008 | 200528b ||||| |||| 00| 0 eng d | ||
| 020 | _a9781847960597 | ||
| 082 |
_a770.922 _bGOL |
||
| 100 | _aGolden, Reuel | ||
| 245 | _aMasters of photography : classic photographic artists of our time | ||
| 260 |
_bGoodman; Reprint edition _cJune 4, 2013 |
||
| 942 | _2ddc | ||